000 00778cab a2200241 4500
001 WB3142-18
008 090401t1995 xxu||||| |||| 00| 0 eng d
035 _a(Sirsi) u22001
041 _aeng
245 _aColonel loses road fight
260 _c1995
350 _a0
490 _aTimes
_v4 November 1995, 10
490 _aDaily Telegraph
_v4 November 1995, 11(1)
520 _aColonel Owen loses his appeal against the Department of Transport`s refusal to purchase his home due to a proposed bypass.
650 _aBLIGHT
650 _aCOLONEL OWEN
650 _aDEPARTMENT OF TRANSPORT
650 _aROAD SCHEMES
690 _aENVIRONMENTAL AND LAND CONSULTANCY-PLANNING AND DEVELOPMENT-COMPULSORY PURCHASE AND COMPENSATION
942 _n0
948 _c04/03/1997
999 _c14736
_d14736